Statistiche per Partner commerciali più importanti - Germania

Clicka qui per fare il quiz!

Statistiche generali

  • Questo quiz è stato fatto 98 volte
  • Il punteggio medio è 31 su 40

Statistiche sulle risposte

Esp.Paese% Corretto
57,3Italia
98%
67,3Italia
98%
72,9Francia
97%
110,7Francia
97%
107,0Cina
95%
92,8Cina
95%
30,7Spagna
93%
44,5Spagna
93%
23,6Russia
92%
29,5Russia
92%
65,8Stati Uniti d'America
92%
118,6Stati Uniti d'America
92%
51,5Polonia
86%
58,9Polonia
86%
42,5Austria
85%
65,4Austria
85%
25,4Giappone
81%
20,7Giappone
81%
94,1Regno Unito
81%
39,4Regno Unito
81%
49,6Svizzera
81%
55,3Svizzera
81%
15,9Svezia
80%
27,9Svezia
80%
92,5Paesi Bassi
78%
86,8Paesi Bassi
78%
20,4Danimarca
76%
45,8Belgio
75%
41,9Belgio
75%
13,8Norvegia
73%
46,9Cechia
66%
42,7Cechia
66%
17,0Turchia
66%
24,9Turchia
66%
15,9Slovacchia
59%
25,4Ungheria
51%
27,6Ungheria
51%
13,8Romania
46%
19,3Corea del Sud
32%
16,3Emirati Arabi Uniti
20%

Distribuzione punteggi

Percentile per numero di risposta

Percentuale di utenti per punteggio

I tuoi punteggi nel tempo

Non hai fatto questo quiz